Proyecto de fábricas lecheras /

Guardado en:
Autor Principal: Hall, H. S.
Autor Corporativo: Organización de las Naciones Unidas para la agricultura y la alimentación
Otros Autores: Rosén, Ingve., Bombergson, Elge.
Formato: Libro
Idioma:Spanish
Publicado: Roma : FAO, 1964.
Series:Serie: Estudios agropecuarios, nº59
Etiquetas: Agregar Etiqueta
Sin Etiquetas, Sea el primero en etiquetar este registro!
LEADER 00771nam a22002055a 4500
001 EUN.um040513
003 AR-BaUNS
005 20050623122911.0
008 041125s1964####it#a##########000#0#spa#d
245 1 0 |a Proyecto de fábricas lecheras /  |c Organización de las Naciones Unidas para la agricultura y la alimentación. H. S. Hall, Ingve Rosén, Elge Bombergson. 
260 |a Roma :  |b FAO,  |c 1964. 
300 |a 168 p. :  |b ilus. ;  |c 23 cm. . 
490 0 |a Serie: Estudios agropecuarios, nº59 
100 1 |a Hall, H. S. 
700 1 |a Rosén, Ingve. 
700 1 |a Bombergson, Elge. 
082 0 4 |a 630.72 
082 0 4 |a 637 
110 2 |a Organización de las Naciones Unidas para la agricultura y la alimentación  |c Roma. 
859 |a Ar-BaUNS  |b BIB. CENTRAL - Sector C  |h 630.72  |i Or14  |p 54148/969  |v 59